La catedral de Sigüenza erigida en el siglo XII (Record no. 161928)

MARC details
000 -LEADER
campo de control de longitud fija 00878nam a2200205 i 4500
001 - NÚMERO DE CONTROL
campo de control 161928
003 - IDENTIFICADOR DE NÚMERO DE CONTROL
campo de control ES-MaACL
005 - FECHA Y HORA DE LA ÚLTIMA TRANSACCIÓN
campo de control 20240317063006.0
008 - DATOS DE LONGITUD FIJA--INFORMACIÓN GENERAL
campo de control de longitud fija 940301s1899 sp af |||| | spa d
100 1# - ENTRADA PRINCIPAL--NOMBRE DE PERSONA
Nombre de persona Pérez-Villamil, Manuel,
Fechas asociadas al nombre 1849-1917
9 (RLIN) 91209
245 13 - MENCIÓN DEL TÍTULO
Título La catedral de Sigüenza erigida en el siglo XII
Resto del título : con noticias nuevas para la historia del arte en España, sacadas de documentos de su Archivo /
Mención de responsabilidad, etc. por Manuel Pérez-Villamil.
260 ## - PUBLICACIÓN, DISTRIBUCIÓN, ETC.
Lugar de publicación, distribución, etc. Madrid :
Nombre del editor, distribuidor, etc. [s.n.],
Fecha de publicación, distribución, etc. 1899 (
Fabricante Tip. Herres, a cargo de José Quesada)
300 ## - DESCRIPCIÓN FÍSICA
Extensión XIX, 482 p., [16] h. de lám. :
Otras características físicas il. ;
Dimensiones 24 cm.
490 1# - MENCIÓN DE SERIE
Mención de serie Estudios de historia y arte
610 2# - PUNTO DE ACCESO ADICIONAL DE MATERIA--NOMBRE DE ENTIDAD CORPORATIVA
Nombre de entidad corporativa o nombre de jurisdicción como elemento de entrada Catedral de Sigüenza.
9 (RLIN) 2528
651 #4 - PUNTO DE ACCESO ADICIONAL DE MATERIA--NOMBRE GEOGRÁFICO
Nombre geográfico Sigüenza-
Subdivisión general Edificios, estructuras, etc.
9 (RLIN) 165854
830 0# - PUNTO DE ACCESO ADICIONAL DE SERIE-TÍTULO UNIFORME
Título uniforme Estudios de historia y arte
9 (RLIN) 222152
852 ## - LOCALIZACIÓN
Ubicación ES-MaACL
Número de control de estantería B-4965
Nota libre - Enc. hol.
Holdings
Estatus retirado Estado de pérdida Estado de daño No para préstamo Colección Biblioteca de origen Biblioteca actual Ubicación en estantería Fecha de adquisición Fuente de adquisición Total de préstamos Signatura topográfica completa Código de barras Visto por última vez Precio de reemplazo Tipo de ítem Koha
        Libros del s. XIX Biblioteca del Ateneo de Madrid Biblioteca del Ateneo de Madrid Sala Pardo Bazán 17/01/2008     B-4965 1169622 23/02/2023 23/02/2023 Libro impreso antiguo